Tras el conocimiento ancestral afrocolombiano : (Registro nro. 8526)

Detalles MARC
000 -CABECERA
Campo de control 01027nam a22002297a 4500
005 - FECHA Y HORA DE LA ULTIMA TRANSACCION
Campo de control 20140708114614.0
008 - ELEMENTOS DE LONGITUD FIJA—INFORMACION GENERAL
Campo de control 110414q2006 ck gr 00010 spa d
020 ## - ISBN
ISBN 9789589828236
041 0# - IDIOMA
Código de idioma para texto/pista de sonido o título separado Español
044 ## - PAÍS DE PUBLICACIÓN
País de publicación Colombia
082 04 - NUMERO DE CLASIFICACION DECIMAL DEWEY
Número de clasificación 615.882
Número del ítem P19t
100 1# - ASIENTO PRINCIPAL--NOMBRE PERSONAL
Nombre personal Pantoja-Cuero, Juan Orlando.
245 10 - MENCION DE TITULO
Título Tras el conocimiento ancestral afrocolombiano :
Parte restante del título encuentros de saberes en medicina tradicional del pacífico caucano
Mención de responsabilidad coordinación general y autores Juan Orlando Pantoja Cuero, Edyd Luisa Torres Cuero, Dionisio Rodríguez Paz.
246 ## - FORMA VARIANTE DEL TITULO
Título propiamente dicho/forma breve del título Memorias:
Parte restante del título encuentros e intercambios de saberes en medicina tradicional en comunidades negras del Pacífico Departamento del Cauca
260 ## - PUBLICACION, DISTRIBUCION, ETC. (PIE DE IMPRENTA)
Lugar de publicación, distribución, etc. Bogoá
Nombre del editor, distribuidor, etc. Asociación Junpro,
Fecha de publicación, distribución, etc. 2006.
300 ## - DESCRIPCION FISICA
Extensión 134 p. :
Otros detalles físicos il. ;
Dimensiones 28 cm.
504 ## - NOTA DE BIBLIOGRAFIA, ETC.
Nota de bibliografía Incluye bibliografía.
650 ## - ASIENTO SECUNDARIO DE MATERIA - TERMINO TEMATICO
Término temático o nombre geográfico como elemento de entrada Medicina popular
Subdivisión geográfica Cauca (Colombia)
650 #4 - ASIENTO SECUNDARIO DE MATERIA - TERMINO TEMATICO
Término temático o nombre geográfico como elemento de entrada Medicina folclórica
Subdivisión geográfica Cauca (Colombia)
650 #4 - ASIENTO SECUNDARIO DE MATERIA - TERMINO TEMATICO
Término temático o nombre geográfico como elemento de entrada Medicina y religión
Subdivisión geográfica Cauca (Colombia)
942 ## - ELEMENTOS ADICIONALES (KOHA)
Sistema de clasificación Dewey Decimal Classification
Tipo de ítem Impreso
Existencias
Withdrawn status Lost status Sistema de Clasificación Damaged status No para préstamo Colección Inventariado Ubicación Permanente Ubicación actual Fecha de adquisición Fuente de Valor Valor Total Checkouts Número topográfico Inventario / Código de Barras Date last seen Ejemplar Price effective from Forma de adquisición Tipo de material
    Dewey Decimal Classification     General Inventariado 2017 Bogotá Bogotá 08/07/2014 Instituto 39000.00   LB-615.882 P19t 034113 08/07/2014 Ej. 1 08/07/2014   Libro
    Dewey Decimal Classification     General Inventariado 2017 Sala Fabio Quevedo Sala Fabio Quevedo 08/07/2014 Instituto 39000.00   LB-615.882 P19t 034112 08/07/2014 Ej. 2 08/07/2014   Libro